La Azucena : (Record n. 35608)
[ formato base ]
| 000 -LEADER | |
|---|---|
| fixed length control field | 00702nam a2200193 i 4500 |
| 003 - CONTROL NUMBER IDENTIFIER | |
| control field | IT-RoINE |
| 005 - DATE AND TIME OF LATEST TRANSACTION | |
| control field | 20201209093939.0 |
| 008 - FIXED-LENGTH DATA ELEMENTS--GENERAL INFORMATION | |
| fixed length control field | 151202s1909 sp a r 000 | spa d |
| 040 ## - CATALOGING SOURCE | |
| Original cataloging agency | BHAG. |
| Modifying agency | BUPV IT-RoINE |
| Transcribing agency | IT-RoINE |
| 245 03 - TITLE STATEMENT | |
| Title | La Azucena : |
| Remainder of title | devocionario para uso de las Hijas de la Inmaculada Concepción de María. |
| 250 ## - EDITION STATEMENT | |
| Edition statement | 7ª ed. notablemente mejorada / |
| Remainder of edition statement | por un padre de la Compañía de Jesús. |
| 260 ## - PUBLICATION, DISTRIBUTION, ETC. (IMPRINT) | |
| Place of publication, distribution, etc | Valencia : |
| Name of publisher, distributor, etc | Tip. Moderna, a cargo de Miguel Gimeno, |
| Date of publication, distribution, etc | 1909. |
| 300 ## - PHYSICAL DESCRIPTION | |
| Extent | IV, 485, [10] p. : |
| Other physical details | il. ; |
| Dimensions | 14 cm. |
| 336 ## - CONTENT TYPE | |
| Source | rdacontent |
| Content type term | text |
| 337 ## - MEDIA TYPE | |
| Source | rdamedia |
| Media type term | unmediated |
| 338 ## - CARRIER TYPE | |
| Source | rdacarrier |
| Carrier type term | volume |
| 650 #4 - SUBJECT ADDED ENTRY--TOPICAL TERM | |
| Topical term or geographic name as entry element | Literatura de devoción |
| 9 (RLIN) | 4218 |
| 942 ## - ADDED ENTRY ELEMENTS (KOHA) | |
| Item type | Monografías |
| Withdrawn status | Lost status | Damaged status | Not for loan | Home library | Current library | Date acquired | Total Checkouts | Full call number | Barcode | Date last seen | Price effective from | Koha item type |
|---|---|---|---|---|---|---|---|---|---|---|---|---|
| Iglesia Nacional Española en Roma | Iglesia Nacional Española en Roma | 09/12/2020 | DEV.NOV 261 | NOV-2436 | 09/12/2020 | 09/12/2020 | Monografías |